| 000 | 00550nam a2200181 i 4500 | ||
|---|---|---|---|
| 001 | 58078 | ||
| 003 | ES-MaACL | ||
| 005 | 20230906163724.0 | ||
| 007 | t| | ||
| 008 | 031021s1908 mr ||||1| fre d | ||
| 100 | 1 |
_aDoutte, Edmond. _945520 |
|
| 245 | 1 | 3 |
_aLa société musulmane du Maghrib _b: magie & religion dans l'Afrique du Nord / _cpar Edmond Doutte. |
| 260 |
_aAlger : _bAdolphe Jourdan, _c1908. |
||
| 300 |
_a617 p. ; _c23 cm. |
||
| 650 | 4 |
_aMagia musulmana. _9155276 |
|
| 650 | 4 |
_aIslamismo- _zMagreb. _9155277 |
|
| 852 |
_aES-MaACL _jC-1214 |
||
| 999 |
_c58078 _d58078 |
||